<?xml version="1.0" encoding="UTF-8"?>
<record
    xmlns:xsi="http://www.w3.org/2001/XMLSchema-instance"
    xsi:schemaLocation="http://www.loc.gov/MARC21/slim http://www.loc.gov/standards/marcxml/schema/MARC21slim.xsd"
    xmlns="http://www.loc.gov/MARC21/slim">

  <leader>01530nabaa22002057a 4500</leader>
  <datafield tag="999" ind1=" " ind2=" ">
    <subfield code="c">6317</subfield>
    <subfield code="d">6317</subfield>
  </datafield>
  <controlfield tag="003">OSt</controlfield>
  <controlfield tag="005">20260130194656.0</controlfield>
  <controlfield tag="008">190701b        xxu||||| |||| 00| 0 spa d</controlfield>
  <datafield tag="040" ind1=" " ind2=" ">
    <subfield code="c">PJ</subfield>
  </datafield>
  <datafield tag="100" ind1=" " ind2=" ">
    <subfield code="9">6896</subfield>
    <subfield code="a">Bonato, Mauro R. </subfield>
  </datafield>
  <datafield tag="245" ind1="1" ind2="3">
    <subfield code="a">La ejecutoriedad del acto administrativo luego de la llamada Ley de Bases :</subfield>
    <subfield code="b">&#xBF;regla o excepci&#xF3;n? /</subfield>
    <subfield code="c">Mauro R. Bonato. </subfield>
  </datafield>
  <datafield tag="300" ind1=" " ind2=" ">
    <subfield code="a">p. 12-51</subfield>
  </datafield>
  <datafield tag="500" ind1=" " ind2=" ">
    <subfield code="a">Cita: TR LALEY AR/DOC/2586/2025 </subfield>
  </datafield>
  <datafield tag="505" ind1=" " ind2=" ">
    <subfield code="a">Sumario: I. Introducci&#xF3;n.&#x2014; II. Ejecutoriedad. En b&#xFA;squeda de un concepto. &#x2014; III. Distinci&#xF3;n con nociones similares.&#x2014; IV. Fundamento.&#x2014; V. Car&#xE1;cter esencial del acto o figura legal contingente.&#x2014; VI. Manifestaciones de la ejecutoriedad del acto administrativo.&#x2014; VII. Ejecutoriedad en derecho comparado.&#x2014; VIII. Clases de ejecutoriedad. Ejecutoriedad propia e impropia.&#x2014; IX. Ejecutoriedad en nuestro derecho positivo: regla y excepci&#xF3;n.&#x2014; X. Ejecutoriedad en los hechos: regla y excepci&#xF3;n.&#x2014; XI. Alcances y tr&#xE1;mite.&#x2014; XII. Medios para llevar adelante la ejecutoriedad del acto.&#x2014; XIII. Ejecutoriedad y efectos de los recursos administrativos que se interpongan contra el acto administrativo.&#x2014; XIV. A modo de colof&#xF3;n. </subfield>
  </datafield>
  <datafield tag="505" ind1=" " ind2=" ">
    <subfield code="t">&#xBF;Te interesa el texto completo? Comunicate al correo: koha@justierradelfuego.gov.ar</subfield>
  </datafield>
  <datafield tag="650" ind1=" " ind2="0">
    <subfield code="9">211</subfield>
    <subfield code="a">DERECHO ADMINISTRATIVO</subfield>
  </datafield>
  <datafield tag="650" ind1=" " ind2="0">
    <subfield code="a">ACTO ADMINISTRATIVO</subfield>
    <subfield code="9">1171</subfield>
  </datafield>
  <datafield tag="773" ind1="0" ind2=" ">
    <subfield code="0">2842</subfield>
    <subfield code="9">3251</subfield>
    <subfield code="d">Buenos Aires : AbeledoPerrot, 2012-</subfield>
    <subfield code="o">DA121</subfield>
    <subfield code="t">Derecho administrativo. N&#xBA; 162 noviembre/diciembre 2025</subfield>
    <subfield code="z">18510590</subfield>
  </datafield>
  <datafield tag="942" ind1=" " ind2=" ">
    <subfield code="2">udc</subfield>
    <subfield code="c">ANA</subfield>
  </datafield>
</record>
